|
|
|
|
| LEADER |
00834nam a22002412a 4500 |
| 001 |
001116391 |
| 003 |
CZ BrMZK |
| 005 |
20110406125940.0 |
| 007 |
ta |
| 008 |
100916s1982 xo f er|||||||||||slo d |
| 040 |
|
|
|a BOA001
|b cze
|
| 041 |
1 |
|
|a slo
|h cze
|
| 100 |
1 |
|
|a Kožík, František,
|d 1909-1997
|7 jk01062651
|4 aut
|
| 245 |
1 |
0 |
|a Cestou lásky :
|b román o životě a diele Josefa Mánesa /
|c František Kožík ; z českého originálu preložil Gabriel Rapoš
|
| 250 |
|
|
|a 1. vyd.
|
| 260 |
|
|
|a Bratislava :
|b Mladé letá,
|c 1982
|
| 300 |
|
|
|a 216 s., obr. na příl.
|
| 521 |
8 |
|
|a Pro čtenáře od 13 let
|
| 700 |
1 |
|
|a Rapoš, Gabriel,
|d 1917-1994
|7 ola2002153023
|4 trl
|
| 910 |
|
|
|a BOA001
|b 2-0850.400
|
| 990 |
|
|
|a BK
|
| 991 |
|
|
|b 201009
|
| 996 |
7 |
|
|b 2619362511
|c 2-0850.400
|l MZK
|r Sklad / do 1 hodiny
|n 0
|w 001143962
|u 000010
|a 1
|e BOA001
|j MZK50
|s A
|